00835nam a2200253Ia 4500003000900000008004100009020003000050020003100080022002200111022002300133040001600156100002300172245005000195260005700245300002000302490004400322650002600366650003500392650002600427650001200453700002300465700002000488856007300508IN-BaIIA211028s9999 xx s 000 0 eng d a978-3-642-10588-3 (Print) a978-3-642-10589-0 (Online) a0171-1873 (Print) a2197-4179 (Online) cIIA Library aLacroix, Claudine  0aIntroduction to Frustrated Magnetismh[eBook] aHeidelberg, BerlinbSpringer Berlin Heidelbergc2011 aOnline resource aSpringer Series in Solid-State Sciences a Engineering, general a Magnetism, Magnetic Materials a Structural Materials aPhysics aMendels, Philippe  aMila, Frederic  uhttp://doi.org/10.1007/978-3-642-10589-0yClick Here to Access eBook